[Event "Rapid"]
[Site "Reykjavik ISL"]
[Date "2004.03.18"]
[Round "1.1"]
[White "Stefansson,H"]
[Black "Karpov,Ana"]
[Result "1-0"]
[WhiteElo "2572"]
[BlackElo "2682"]
[EventDate "2004.03.18"]

1. e4 c6 2. d4 d5 3. Nd2 dxe4 4. Nxe4 Nd7 5. Ng5 Ngf6 6. Bd3 e6 7. N1f3 Bd6
8. Qe2 h6 9. Ne4 Nxe4 10. Qxe4 Qc7 11. Qg4 Kf8 12. O-O c5 13. dxc5 Nxc5 14.
Be3 Nxd3 15. cxd3 b6 16. Rac1 Qe7 17. Bf4 Bb7 18. Be5 Bxe5 19. Nxe5 Kg8 20.
Qf4 g5 21. Qg3 Rh7 22. f4 f5 23. Nf3 g4 24. Nd4 Qd6 25. Qe3 Rd8 26. Nb5 Qd5
27. Rf2 Re7 28. Nxa7 Qxd3 29. Qxb6 Rd5 30. Nc6 Bxc6 31. Qxc6 Kf7 32. Re1
Rd6 33. Qc8 Rd8 34. Qc5 Rd5 35. Qc1 h5 36. Rfe2 h4 37. Qe3 Qd4 38. g3 Qf6
39. b4 Rd4 40. Qc3 h3 41. a4 Red7 42. a5 R7d6 43. b5 Qd8 44. b6 Rd3 45. Qb2
Qa8 46. b7 Qa7+ 47. Kh1 Qb8 48. Rb1 R3d5 49. Qc3 Rd3 50. Qc8 1-0

[Event "Rapid"]
[Site "Reykjavik ISL"]
[Date "2004.03.18"]
[Round "1.2"]
[White "Aronian,L"]
[Black "Olafsson,H1"]
[Result "1-0"]
[WhiteElo "2648"]
[BlackElo "2504"]
[EventDate "2004.03.18"]

1. d4 Nf6 2. c4 e6 3. Nc3 Bb4 4. Qc2 c5 5. dxc5 Qc7 6. Nf3 Bxc5 7. g3 a6 8.
Bf4 Qb6 9. O-O-O Qa7 10. e3 Be7 11. g4 Nc6 12. g5 Nh5 13. Bd6 b6 14. Ne4
O-O 15. Ng3 g6 16. Qe4 Nxg3 17. hxg3 Bxd6 18. Rxd6 Qc7 19. Qh4 h5 20. gxh6
f6 21. Qf4 Ne7 22. Rd2 e5 23. Qh4 d5 24. Bh3 Bxh3 25. Qxh3 Nf5 26. Qg4
Qxc4+ 27. Qxc4 dxc4 28. g4 Ne7 29. Rd7 Rae8 30. Rhd1 e4 31. Nd2 f5 32. Nxc4
Rc8 33. Rxe7 Rxc4+ 34. Kb1 fxg4 35. Rg7+ 1-0

[Event "Rapid"]
[Site "Reykjavik ISL"]
[Date "2004.03.18"]
[Round "1.2"]
[White "Karpov,Ana"]
[Black "Stefansson,H"]
[Result "1-0"]
[WhiteElo "2682"]
[BlackElo "2572"]
[EventDate "2004.03.18"]

1. c4 Nf6 2. Nc3 e5 3. g3 Bb4 4. Bg2 O-O 5. d3 c6 6. Qb3 Na6 7. Bd2 Re8 8.
a3 Bxc3 9. Qxc3 d5 10. cxd5 cxd5 11. Nf3 Bg4 12. b4 Nc7 13. a4 Rc8 14. Qb2
Bxf3 15. Bxf3 Ne6 16. Qxe5 Rc2 17. Rc1 Rxc1+ 18. Bxc1 Nc5 19. Qd4 Nb3 20.
Qb2 Nxc1 21. Qxc1 Qd7 22. b5 Rc8 23. Qf4 Rc2 24. Qb8+ Qc8 25. g4 Kf8 26. g5
Rc5 27. Kd2 Nd7 28. Qxc8+ Rxc8 29. d4 Rc4 30. Kd3 Rxa4 31. Bxd5 Ra3+ 32.
Ke4 Nb6 33. Bxb7 Na4 34. Rc1 Nc3+ 35. Ke5 Nxb5 36. Rc5 Nc3 37. e4 Rb3 38.
Rc8+ Ke7 39. Rc7+ Kf8 40. Bc6 1-0

[Event "Rapid"]
[Site "Reykjavik ISL"]
[Date "2004.03.18"]
[Round "1.2"]
[White "Timman,J"]
[Black "Hjartarson,J"]
[Result "1/2-1/2"]
[WhiteElo "2578"]
[BlackElo "2640"]
[EventDate "2004.03.18"]

1. d4 Nf6 2. c4 d6 3. Nc3 Nbd7 4. Nf3 e5 5. g3 Be7 6. Bg2 O-O 7. O-O c6 8.
e4 Re8 9. b3 exd4 10. Nxd4 Bf8 11. Re1 a6 12. Bb2 Ne5 13. f4 Ng6 14. Qd2
Bd7 15. Rad1 b5 16. h3 bxc4 17. bxc4 Qc8 18. Kh2 h5 19. Nf5 Bxf5 20. exf5
Qxf5 21. Bxc6 Rxe1 22. Rxe1 Rb8 23. Ne4 Nh7 24. Bc1 Ne7 25. Nxd6 Qc5 26.
Bg2 Rd8 27. Nb7 Rxd2 28. Nxc5 Rxa2 29. Ne4 Nf5 30. Rd1 Rc2 31. c5 a5 32.
Nd6 Nxd6 33. cxd6 Bxd6 34. Rxd6 Rxc1 35. Rd8+ Nf8 36. Rd5 a4 37. Rxh5 Ne6
38. Ra5 Nc5 39. h4 Rc2 40. Kh3 Kf8 41. Bd5 f5 42. Ra7 g6 43. h5 gxh5 44.
Kh4 Rc3 45. Kxh5 Rxg3 46. Rf7+ Ke8 47. Rxf5 Ke7 48. Rg5 Rc3 49. Kg6 a3 50.
Kg7 Kd6 51. Bg8 Rf3 52. f5 Nd7 53. Be6 Nc5 54. Bg8 Ne4 55. Rg6+ Ke5 56. Be6
Nd6 57. Kf8 Nxf5 58. Ke8 Nd4 59. Bg8 Rc3 60. Kd7 Nb3 61. Rg2 Kd4 62. Kd6
Nc1 63. Rg4+ Kd3 64. Bh7+ Kd2 65. Ra4 Nd3 66. Bg8 Kc1 67. Rh4 Kb2 68. Rh2+
Kb1 69. Bd5 Nc1 70. Be4+ Ka1 71. Ke5 a2 72. Kd4 Rg3 73. Bh7 Nb3+ 74. Kc4
Nc1 75. Kb4 Rg7 76. Bf5 Rc7 77. Be6 Nd3+ 78. Ka5 Ra7+ 1/2-1/2

[Event "Rapid"]
[Site "Reykjavik ISL"]
[Date "2004.03.19"]
[Round "2.2"]
[White "Sutovsky,E"]
[Black "Nielsen,PH"]
[Result "1/2-1/2"]
[WhiteElo "2666"]
[BlackElo "2638"]
[EventDate "2004.03.18"]

1. e4 e5 2. Nf3 Nc6 3. d4 exd4 4. Nxd4 Nf6 5. Nxc6 bxc6 6. e5 Qe7 7. Qe2
Nd5 8. c4 Ba6 9. b3 g6 10. f4 f6 11. Ba3 Nb4 12. Bb2 Bh6 13. a3 Nd5 14.
exf6 Qxe2+ 15. Bxe2 Nxf4 16. f7+ Kxf7 17. Bxh8 Rxh8 18. O-O Kg7 19. Bg4 Rb8
20. Bxd7 Rxb3 21. Bxc6 Bxc4 22. Rf3 Ne2+ 23. Kh1 Nd4 24. Ba4 Rb2 25. Rg3
Ne2 26. Rg4 Bd5 27. Rb4 Bc1 28. Bd1 Nd4 29. Nd2 Rxb4 30. Rxc1 Rb2 31. Nf3
Nxf3 32. Bxf3 c6 33. Bxd5 cxd5 34. Rc7+ Kh6 35. Kg1 1/2-1/2